Statistics for EXTREME African Capitals Quiz

Click here to take the quiz!

General Stats

  • This quiz has been taken 146 times
    (145 since last reset)
  • The average score is 40 of 64

Answer Stats

Country Capital % Correct
AlgeriaAlgiers
97%
EthiopiaAddis Ababa
96%
EgyptCairo
95%
GhanaAccra
94%
Guinea-BissauBissau
94%
LibyaTripoli/Tarabulus
89%
DjiboutiDjibouti
89%
South AfricaCape Town/Pretoria/Bloemfontein
89%
NigeriaAbuja
88%
MadagascarAntananarivo
86%
EritreaAsmara
86%
KenyaNairobi
86%
Republic of the CongoBrazzaville
85%
Central African RepublicBangui
84%
Sierra LeoneFreetown
84%
Democratic Republic of the CongoKinshasa
83%
TunisiaTunis
83%
Sao Tome & PrincipeSao Tome
83%
SenegalDakar
83%
RwandaKigali
82%
ZimbabweHarare
81%
SudanKhartoum
79%
SeychellesVictoria
78%
AngolaLuanda
78%
MozambiqueMaputo
78%
South SudanJuba
78%
UgandaKampala
78%
TogoLomé
78%
SomaliaMogadishu
77%
GuineaConakry
76%
GambiaBanjul
76%
ZambiaLusaka
74%
GabonLibreville
73%
MaliBamako
73%
NigerNiamey
72%
MauritiusPort Louis
71%
ChadN'Djamena
71%
Cape VerdePraia
70%
SwazilandMbabane/Lobamba
70%
NamibiaWindhoek
70%
Equatorial GuineaMalabo
69%
ComorosMoroni
69%
MalawiLilongwe
67%
BotswanaGaborone
67%
CameroonYaoundé
66%
LesothoMaseru
64%
Burkina FasoOuagadougou
61%
Cote d'IvoireYamoussoukro
55%
MauritaniaNouakchott
54%
TanzaniaDar Es Salaam
42%
BeninPorto-Novo/Cotonou
38%
LibyaRabat
27%
Zanzibar (Tanz.)Zanzibar City
16%
Ascension Is. (UK)Georgetown
7%
Réunion (Fr.)Saint Denis
6%
Tristan Da Cunha (UK)Edinburgh of the Seven Seas
6%
BurundiBujambura
6%
Saint Helena (UK)Jamestown
6%
Western SaharaEl Aaiún
6%
Mayotte (Fr.)Mamoudzou
6%
Principe (Sao Tome)Santo Antonio
5%
Rodrigues (Mauritius)Port Mathurin
2%
Anjouan (Com.)Mutsamudu
1%
Mohéli/Mwali (Com.)Fomboni
1%

Score Distribution

Percentile by Number Answered

Percent of People with Each Score

Your Score History

You have not taken this quiz since the last reset